Nueva olivicultura /

Guardado en:
Autor Principal: Guerrero García, Andrés.
Formato: Libro
Idioma:Spanish
Publicado: Madrid : Mundi-Prensa, 1997.
Edición:4a ed. rev. y ampl.
Etiquetas: Agregar Etiqueta
Sin Etiquetas, Sea el primero en etiquetar este registro!
LEADER 00543nam a22001695a 4500
001 EEA.libagro005992
005 20161007102036.0
008 130809s1997####sp#a#####b####000#0#spa#d
020 |a 847114669X 
082 0 4 |a 634.63 
100 1 |a Guerrero García, Andrés. 
245 1 0 |a Nueva olivicultura /  |c Andrés Guerrero García. 
250 |a 4a ed. rev. y ampl. 
260 |a Madrid :  |b Mundi-Prensa,  |c 1997. 
300 |a 281 p. :  |b il., gráf., fot. ;  |c 24 cm. 
504 |a Bibliografía: p. 277-281. 
859 |a AR-BbBCA  |b BIB. AGRONOMIA  |h 634.63  |i G378a4  |p 1998/3351